[Event "Championship Meridian 2015"]
[Site "?"]
[Date "2015.07.20"]
[Round "9.9"]
[White "Borodinov, Dmitri"]
[Black "Musaev, Rasul"]
[Result "1/2-1/2"]
[WhiteElo "2331"]
[BlackElo "2220"]
[PlyCount "96"]
[EventDate "2015.??.??"]

1. d4 g6 2. e4 Bg7 3. Nc3 d6 4. Nf3 Nh6 5. Bc4 O-O 6. h3 Kh8 7. g4 f5 8. exf5
gxf5 9. g5 Ng8 10. Bf4 c6 11. Qd2 b5 12. Bb3 a5 13. a4 b4 14. Ne2 Qe8 15. Qe3
Nd7 16. Be6 Nb6 17. Bh2 Ba6 18. Nf4 c5 19. h4 cxd4 20. Nxd4 Nc4 21. Bxc4 Bxc4
22. Nfe6 Bxe6 23. Nxe6 Bxb2 24. Rd1 Qc6 25. O-O Rf7 26. Nd4 Qe4 27. Qxe4 fxe4
28. Rfe1 Raf8 29. Bg3 Rc8 30. Rxe4 Rc4 31. f3 Rxf3 32. Nxf3 Rxe4 33. Rd5 Re3
34. Kf2 Rc3 35. Rd2 Kg7 36. h5 Kf7 37. Nh4 Rc5 38. Bf4 Bc1 39. Rd4 Rxc2+ 40.
Kf3 b3 41. g6+ hxg6 42. hxg6+ Kg7 43. Bxc1 Rxc1 44. Rf4 Nh6 45. Re4 e5 46. Re2
Rc4 47. Kg3 Rxa4 48. Rd2 Rd4 1/2-1/2

[Event "Championship Meridian 2015"]
[Site "?"]
[Date "2015.07.20"]
[Round "9.10"]
[White "Sek, Konstantin"]
[Black "Kravtsov, Sergey"]
[Result "1-0"]
[WhiteElo "2445"]
[BlackElo "2308"]
[PlyCount "97"]
[EventDate "2015.??.??"]

1. e4 d6 2. d4 Nf6 3. Nc3 g6 4. g3 Bg7 5. Bg2 O-O 6. Nge2 e5 7. O-O Na6 8. h3
c6 9. Be3 Qc7 10. f4 exd4 11. Bxd4 Ne8 12. Kh2 f5 13. exf5 Bxf5 14. g4 Bd7 15.
Ng3 d5 16. Nce2 Rd8 17. Kh1 Bc8 18. f5 gxf5 19. gxf5 Bxd4 20. Qxd4 Qg7 21. Qxa7
Nd6 22. f6 Rxf6 23. Nh5 Rxf1+ 24. Rxf1 Qe5 25. Qb6 Rf8 26. Rxf8+ Kxf8 27. Qd8+
Ne8 28. Nef4 Qc7 29. Qg5 Qf7 30. Nd3 Qf5 31. Qh6+ Kg8 32. Ng3 Qf6 33. Qe3 Nac7
34. Ne5 Ng7 35. c4 Be6 36. b3 dxc4 37. bxc4 Nce8 38. Qd4 h5 39. a4 h4 40. Ne4
Qh6 41. Nc5 Qg5 42. Nf3 Nf5 43. Nxg5 Nxd4 44. Ngxe6 Nxe6 45. Nxe6 Nd6 46. c5
Nc4 47. Nd8 Nb2 48. Nxb7 Nxa4 49. Bxc6 1-0

[Event "Championship Meridian 2015"]
[Site "?"]
[Date "2015.07.20"]
[Round "10.1"]
[White "Savchenko, Boris"]
[Black "Maletin, Pavel"]
[Result "0-1"]
[WhiteElo "2674"]
[BlackElo "2609"]
[PlyCount "120"]
[EventDate "2015.??.??"]

1. e4 c5 2. Nf3 e6 3. d4 cxd4 4. Nxd4 Nc6 5. Nc3 Qc7 6. Be3 a6 7. a3 Nf6 8. f4
d6 9. Qf3 Nxd4 10. Bxd4 e5 11. Bf2 Be7 12. Bd3 exf4 13. Qxf4 Be6 14. Bd4 O-O
15. O-O-O Nd7 16. Nd5 Bxd5 17. exd5 Ne5 18. Rhe1 Bf6 19. Kb1 Nxd3 20. Rxd3 Bxd4
21. Rxd4 Rac8 22. c3 Rce8 23. Rde4 Rxe4 24. Qxe4 b5 25. g4 Qc5 26. h4 Qf2 27.
Ka2 g6 28. h5 Qf6 29. hxg6 hxg6 30. Qe3 Rc8 31. g5 Qf5 32. Qd2 Qf3 33. Re3 Qg4
34. Re1 Kg7 35. Qh2 Qxg5 36. Qxd6 Rd8 37. Qxa6 Qxd5+ 38. Ka1 Rh8 39. Qa7 Rh1
40. Qe3 Rxe1+ 41. Qxe1 g5 42. Qc1 Kg6 43. a4 bxa4 44. Qc2+ f5 45. Qxa4 g4 46.
Qe8+ Kg5 47. Qe7+ Kf4 48. Qh4 Qd1+ 49. Ka2 Kf3 50. Qh5 f4 51. Qb5 Kg2 52. c4 f3
53. Qc6 Kg1 54. Qc7 f2 55. Qg3+ Kf1 56. c5 Qa4+ 57. Kb1 Qe4+ 58. Ka2 Ke2 59.
Qh2 Qd5+ 60. Ka3 g3 0-1

[Event "Championship Meridian 2015"]
[Site "?"]
[Date "2015.07.20"]
[Round "10.2"]
[White "Rychkov, Oleg"]
[Black "Kokarev, Dmitry"]
[Result "0-1"]
[WhiteElo "2329"]
[BlackElo "2575"]
[PlyCount "78"]
[EventDate "2015.??.??"]

1. Nf3 g6 2. c4 Bg7 3. g3 c5 4. Bg2 Nc6 5. Nc3 e6 6. O-O Nge7 7. d3 O-O 8. Bd2
d5 9. cxd5 exd5 10. a3 b6 11. Rb1 a5 12. Rc1 h6 13. h3 Be6 14. Qc2 Qd7 15. Kh2
Rac8 16. Nb5 d4 17. e4 dxe3 18. Bxe3 Nf5 19. Qe2 Rfe8 20. Qd2 Rcd8 21. Rfd1
Nxe3 22. fxe3 Bb3 23. Rf1 Qxd3 24. Qxd3 Rxd3 25. Rf2 Ne5 26. Nxe5 Bxe5 27. Re1
Red8 28. Na7 Rd2 29. Ree2 Rxe2 30. Rxe2 Bd1 31. Rf2 Rd3 32. Nc6 Bd6 33. Nd8 Bb3
34. Re2 Bxg3+ 35. Kxg3 Rxd8 36. Kf4 Kg7 37. h4 Kf6 38. Rf2 Be6 39. Bc6 Rd1 {
Ke5+ Kxe5} 0-1

[Event "Championship Meridian 2015"]
[Site "?"]
[Date "2015.07.20"]
[Round "10.3"]
[White "Smirnov, Pavel"]
[Black "Zablotsky, Sergei"]
[Result "1-0"]
[WhiteElo "2656"]
[BlackElo "2455"]
[PlyCount "67"]
[EventDate "2015.??.??"]

1. d4 d6 2. e4 g6 3. Nc3 Nf6 4. f4 Bg7 5. Nf3 c5 6. Bb5+ Bd7 7. e5 Ng4 8. Bxd7+
Qxd7 9. h3 cxd4 10. Qxd4 Nh6 11. Qf2 Nc6 12. Bd2 O-O 13. O-O-O Rac8 14. g4 Nb4
15. a3 Rxc3 16. bxc3 Nd5 17. Qd4 Qc6 18. f5 Rc8 19. Rhe1 Nb6 20. f6 Nc4 21. Re4
Qa4 22. Rf1 Qxa3+ 23. Kd1 Qa1+ 24. Ke2 Qa6 25. Bxh6 Nxe5+ 26. Ke1 Bxh6 27. fxe7
Re8 28. Nxe5 dxe5 29. Rxe5 Bg7 30. Qd5 Qa1+ 31. Ke2 Qa6+ 32. c4 h5 33. Rxf7 Kh7
34. gxh5 1-0

[Event "Championship Meridian 2015"]
[Site "?"]
[Date "2015.07.20"]
[Round "10.4"]
[White "Musaev, Rasul"]
[Black "Rozum, Ivan"]
[Result "1-0"]
[WhiteElo "2220"]
[BlackElo "2579"]
[PlyCount "65"]
[EventDate "2015.??.??"]

1. e4 c6 2. Nc3 d5 3. Nf3 Bg4 4. h3 Bxf3 5. Qxf3 e6 6. d3 Nd7 7. Bd2 Bc5 8. g4
Ne7 9. Be2 Ng6 10. g5 Bb4 11. h4 d4 12. Nb1 Qb6 13. h5 Ne7 14. Bd1 Rf8 15. Qg3
O-O-O 16. a4 f5 17. a5 Bxd2+ 18. Nxd2 Qb4 19. a6 b5 20. Ra3 Nc5 21. Qe5 fxe4
22. dxe4 Rf7 23. Rh2 Rdf8 24. Bg4 g6 25. Bxe6+ Nxe6 26. Qxe6+ Kb8 27. Qe5+ Ka8
28. Qc7 Rb8 29. Rb3 Qa4 30. hxg6 hxg6 31. Rh8 Qa1+ 32. Ke2 d3+ 33. cxd3 1-0

[Event "Championship Meridian 2015"]
[Site "?"]
[Date "2015.07.20"]
[Round "10.5"]
[White "Papin, Vasily"]
[Black "Bocharov, Dmitry"]
[Result "0-1"]
[WhiteElo "2518"]
[BlackElo "2530"]
[PlyCount "70"]
[EventDate "2015.??.??"]

1. c4 e5 2. e3 g6 3. Qc2 Bg7 4. Nf3 Ne7 5. Nc3 O-O 6. Be2 c6 7. d4 d6 8. O-O
Bf5 9. Qb3 Qc7 10. h3 Nd7 11. Rd1 h6 12. e4 Be6 13. Qa3 exd4 14. Nxd4 Nc8 15.
Bf4 Ne5 16. Nxe6 fxe6 17. Be3 g5 18. Rac1 a6 19. Qb3 c5 20. Qc2 Ne7 21. Bf1
N7g6 22. g3 Nf3+ 23. Kh1 Bd4 24. Qe2 Nge5 25. b3 Qg7 26. Bg2 g4 27. h4 Rf7 28.
Bxd4 cxd4 29. Na4 Raf8 30. Rf1 Qf6 31. c5 Nxh4 32. cxd6 Nhf3 33. Bxf3 gxf3 34.
Qd2 Qg6 35. Kg1 Qh5 0-1

[Event "Championship Meridian 2015"]
[Site "?"]
[Date "2015.07.20"]
[Round "10.6"]
[White "Goganov, Aleksey"]
[Black "Keosidi, Konstantin"]
[Result "0-1"]
[WhiteElo "2601"]
[BlackElo "2418"]
[PlyCount "104"]
[EventDate "2015.??.??"]

1. d4 d5 2. c4 e6 3. Nc3 Nf6 4. Nf3 Be7 5. Bf4 O-O 6. e3 c6 7. Qc2 Nbd7 8. h3
Re8 9. Be2 Nf8 10. O-O Ng6 11. Bh2 Bd6 12. Ne5 a6 13. e4 c5 14. Nxg6 Bxh2+ 15.
Kxh2 cxd4 16. e5 hxg6 17. exf6 dxc3 18. fxg7 cxb2 19. Qxb2 Qc7+ 20. f4 dxc4 21.
Qf6 b5 22. g4 Bb7 23. h4 Rad8 24. h5 Rd2 25. Rae1 Qe7 26. Qxe7 Rxe7 27. h6 Red7
28. Kg3 Rd8 29. f5 gxf5 30. gxf5 exf5 31. Rxf5 R2d6 32. Bh5 Rxh6 33. Bxf7+ Kxg7
34. Re7 Bc8 35. Be6+ Kh8 36. Bxc8 Rxc8 37. Re2 c3 38. Rc2 Rd6 39. Rg5 Rd2 40.
Rc1 Rd7 41. Kf3 Rg7 42. Rxg7 Kxg7 43. Ke3 b4 44. Rc2 Rd8 45. Rg2+ Kf6 46. Rg4
Rc8 47. Rg1 a5 48. Kd3 Rd8+ 49. Kc4 Rd2 50. a3 Rb2 51. axb4 axb4 52. Re1 c2 0-1

[Event "Championship Meridian 2015"]
[Site "?"]
[Date "2015.07.20"]
[Round "10.7"]
[White "Obodenko, Amir"]
[Black "Pridorozhni, Aleksei"]
[Result "0-1"]
[WhiteElo "2153"]
[BlackElo "2582"]
[PlyCount "53"]
[EventDate "2015.??.??"]

1. d4 d6 2. c4 e5 3. e3 f5 4. Nf3 e4 5. Nfd2 Nf6 6. Nc3 c6 7. f3 exf3 8. Nxf3
g6 9. Bd3 Bg7 10. O-O O-O 11. Qb3 Re8 12. Qc2 Qe7 13. Re1 Ne4 14. Nd2 Nxc3 15.
bxc3 c5 16. Nf3 Nc6 17. e4 Qf8 18. Bb2 cxd4 19. cxd4 Nb4 20. Qb3 Nxd3 21. Qxd3
fxe4 22. Rxe4 Bf5 23. Rxe8 Bxd3 24. Rxf8+ Rxf8 25. Ba3 Rxf3 26. Bb2 Bf8 27. c5
0-1

[Event "Championship Meridian 2015"]
[Site "?"]
[Date "2015.07.20"]
[Round "10.8"]
[White "Shomoev, Anton"]
[Black "Sutormin, Danila"]
[Result "1-0"]
[WhiteElo "2580"]
[BlackElo "2332"]
[PlyCount "55"]
[EventDate "2015.??.??"]

1. e4 c5 2. Nf3 Nc6 3. Nc3 e6 4. d4 cxd4 5. Nxd4 Qc7 6. Be3 a6 7. Qd2 Nf6 8.
O-O-O Bb4 9. f3 Ne5 10. Nb3 b5 11. Qe1 O-O 12. Nxb5 axb5 13. Qxb4 d5 14. Bc5
Nc6 15. Qc3 Re8 16. Bxb5 Ba6 17. Bxc6 Qxc6 18. Bd4 Bc4 19. Bxf6 gxf6 20. exd5
exd5 21. a3 Rac8 22. Rhe1 Rxe1 23. Rxe1 Qa4 24. Nd4 Ba6 25. Qb4 Qd7 26. Re7 Qd8
27. Nf5 Rc4 28. Qd6 1-0

[Event "Championship Meridian 2015"]
[Site "?"]
[Date "2015.07.20"]
[Round "10.9"]
[White "Babiy, Anatoly"]
[Black "Sek, Konstantin"]
[Result "1/2-1/2"]
[WhiteElo "2364"]
[BlackElo "2445"]
[PlyCount "137"]
[EventDate "2015.??.??"]

1. Nf3 Nf6 2. d4 e6 3. Bg5 h6 4. Bh4 d6 5. e3 g5 6. Bg3 Nh5 7. Be2 Bg7 8. O-O
O-O 9. c3 f5 10. Ne1 Nxg3 11. hxg3 Nd7 12. Nd2 Kh8 13. Qb3 e5 14. dxe5 Nxe5 15.
Nef3 Qf6 16. Nxe5 dxe5 17. Rad1 b6 18. Qc4 c5 19. g4 Be6 20. Qa4 Qg6 21. gxf5
Bxf5 22. e4 Bc8 23. Qc2 g4 24. Nc4 Be6 25. Ne3 h5 26. Bc4 Bxc4 27. Nxc4 h4 28.
Rd6 Qh5 29. Qe2 Rf4 30. Rfd1 Qg5 31. Qd2 Raf8 32. Rd8 g3 33. Rxf8+ Bxf8 34. f3
h3 35. gxh3 Qh5 36. Qg2 Rxf3 37. Rf1 Rxf1+ 38. Qxf1 Bh6 39. Qf6+ Bg7 40. Qf1
Qg5 41. Kg2 b5 42. Na5 Qd2+ 43. Kxg3 Qxb2 44. Qd3 Qc1 45. Qxb5 Qf4+ 46. Kg2
Qxe4+ 47. Kf2 Qc2+ 48. Kf1 Qc1+ 49. Kg2 Qd2+ 50. Kf1 Qf4+ 51. Ke2 Qh2+ 52. Kd1
Qh1+ 53. Kc2 Qxh3 54. Qxc5 Qg2+ 55. Kb3 e4 56. Nc4 Qf3 57. Ne3 Qf7+ 58. Qd5 Qf3
59. Nf5 Qxc3+ 60. Ka4 Qc2+ 61. Ka5 Bc3+ 62. Ka6 Qd3+ 63. Qxd3 exd3 64. Kb5 d2
65. Ne3 Kg7 66. Kc4 Ba5 67. Kd3 Kf6 68. Kc2 Ke6 69. Nc4 1/2-1/2

[Event "Championship Meridian 2015"]
[Site "?"]
[Date "2015.07.20"]
[Round "10.10"]
[White "Daudov, Dmitriy"]
[Black "Yanchenko, Roman"]
[Result "0-1"]
[WhiteElo "2288"]
[BlackElo "2457"]
[PlyCount "98"]
[EventDate "2015.??.??"]

1. e4 d5 2. exd5 Qxd5 3. Nc3 Qa5 4. d4 c6 5. Nf3 Nf6 6. Bc4 Bg4 7. h3 Qh5 8.
Be2 Bxf3 9. Bxf3 Qa5 10. O-O e6 11. Ne4 Nbd7 12. c3 Qc7 13. Re1 Nxe4 14. Bxe4
Nf6 15. Bc2 Bd6 16. Qf3 h6 17. Bd2 Rd8 18. Rad1 Qe7 19. c4 Bb4 20. a3 Bxd2 21.
Rxd2 O-O 22. Red1 Rd7 23. Qe3 Rfd8 24. g3 Qd6 25. Rd3 b5 26. Rc3 Qb8 27. b3 a5
28. Rcd3 Qd6 29. Qc1 Qb8 30. Qd2 Qa7 31. Qe3 Qa6 32. Rc3 Qa8 33. Qe5 Qa7 34.
Rcd3 Rd6 35. Qe3 Qe7 36. Qe1 Qc7 37. Qe3 Qb7 38. Qe1 Qa6 39. Qc3 Qa7 40. Qd2
Qa6 41. Qc3 R6d7 42. a4 Qa7 43. axb5 cxb5 44. cxb5 Rb7 45. Qc5 Qb8 46. Qe5 Rd6
47. Rc3 Rxb5 48. Rc8+ Qxc8 49. Qxb5 Qxc2 0-1

[Event "Championship Meridian 2015"]
[Site "?"]
[Date "2015.07.20"]
[Round "11.1"]
[White "Smirnov, Pavel"]
[Black "Savchenko, Boris"]
[Result "0-1"]
[WhiteElo "2656"]
[BlackElo "2674"]
[PlyCount "74"]
[EventDate "2015.??.??"]

1. d4 Nf6 2. c4 e6 3. g3 d5 4. Bg2 dxc4 5. Nf3 b5 6. a4 c6 7. O-O a6 8. Ne5 Bb7
9. Nc3 Nd5 10. e4 Nb4 11. b3 cxb3 12. Qxb3 Qxd4 13. Bf4 Nd7 14. Nxd7 Qxd7 15.
Rfd1 Qc8 16. Rac1 c5 17. axb5 Be7 18. Na4 axb5 19. Nxc5 Bxc5 20. Bd6 Bxf2+ 21.
Kxf2 Ra2+ 22. Kg1 Rc2 23. Ra1 Rxg2+ 24. Kxg2 Bxe4+ 25. Kg1 Bb7 26. Rac1 Nc6 27.
Qxb5 f6 28. Rb1 Ba8 29. Rdc1 Kf7 30. Qb6 Kg6 31. Rc4 Rd8 32. Ba3 Rd3 33. Qc5 e5
34. Rh4 Qf5 35. Rf1 Rf3 36. Qc1 Nd4 37. Rxd4 exd4 0-1

[Event "Championship Meridian 2015"]
[Site "?"]
[Date "2015.07.20"]
[Round "11.2"]
[White "Maletin, Pavel"]
[Black "Bocharov, Dmitry"]
[Result "1/2-1/2"]
[WhiteElo "2609"]
[BlackElo "2530"]
[PlyCount "22"]
[EventDate "2015.??.??"]

1. Nf3 c5 2. e4 Nc6 3. Bb5 g6 4. Bxc6 dxc6 5. d3 Bg7 6. h3 Nf6 7. Nc3 O-O 8.
Bf4 Nd7 9. e5 f6 10. Qe2 fxe5 11. Bh2 Rf5 1/2-1/2

[Event "Championship Meridian 2015"]
[Site "?"]
[Date "2015.07.20"]
[Round "11.3"]
[White "Kokarev, Dmitry"]
[Black "Musaev, Rasul"]
[Result "1-0"]
[WhiteElo "2575"]
[BlackElo "2220"]
[PlyCount "133"]
[EventDate "2015.??.??"]

1. e4 c5 2. Nf3 d6 3. d4 cxd4 4. Qxd4 Nc6 5. Bb5 e6 6. O-O Bd7 7. Bxc6 bxc6 8.
c4 Qb6 9. Qd3 Be7 10. Be3 Qc7 11. Nc3 Nf6 12. Rfd1 O-O 13. Bf4 e5 14. Bg5 Be6
15. Bxf6 gxf6 16. Rac1 Qb7 17. b3 Kh8 18. Nh4 Rad8 19. Qf3 Qd7 20. Nf5 Bxf5 21.
exf5 Rg8 22. h4 Rg7 23. g3 Rgg8 24. Rd3 Qb7 25. Rcd1 Rd7 26. Qh5 Kg7 27. R1d2
Rgd8 28. Qd1 Kh8 29. Kh2 Kg7 30. Qf3 Kh8 31. Qe4 Kg7 32. Kh3 Kh8 33. g4 h6 34.
Rd1 Kg7 35. Kg3 Kh8 36. Kg2 Kg7 37. f3 Kh8 38. Qe3 Kh7 39. Qd2 Kg7 40. Ne4 d5
41. Ng3 Kh7 42. Qc2 a5 43. Nh5 Qa7 44. Kh3 Qb7 45. R3d2 Qa7 46. Re2 Rg8 47.
cxd5 cxd5 48. Rc1 d4 49. Qd3 a4 50. Rec2 axb3 51. axb3 Bd8 52. Rc8 Qa5 53. R8c6
Qa3 54. Rb1 Rd6 55. Rxd6 Qxd6 56. b4 Re8 57. Ng3 Be7 58. Qc4 Kg7 59. b5 d3 60.
Ne4 Qd4 61. Qxd4 exd4 62. Kg2 Rb8 63. Kf2 Rb6 64. Ke1 Kf8 65. Kd2 Ke8 66. Kxd3
Kd7 67. Kxd4 1-0

[Event "Championship Meridian 2015"]
[Site "?"]
[Date "2015.07.20"]
[Round "11.4"]
[White "Keosidi, Konstantin"]
[Black "Pridorozhni, Aleksei"]
[Result "1/2-1/2"]
[WhiteElo "2418"]
[BlackElo "2582"]
[PlyCount "147"]
[EventDate "2015.??.??"]

1. d4 d6 2. Nf3 Bg4 3. g3 Bxf3 4. exf3 d5 5. Bg2 e6 6. f4 g6 7. Nd2 Bg7 8. Nf3
Ne7 9. O-O O-O 10. h4 Nd7 11. Ne5 Nxe5 12. dxe5 c5 13. h5 Qc7 14. hxg6 fxg6 15.
b3 Rad8 16. Qe2 Nf5 17. Bb2 Rf7 18. Rad1 Rfd7 19. Bh3 Qc6 20. Qf3 Bf8 21. Kg2
c4 22. Bxf5 gxf5 23. Bd4 b5 24. Rh1 cxb3 25. cxb3 Qc2 26. Rc1 Qe4 27. Qxe4 dxe4
28. Be3 a5 29. Rc6 Re8 30. Ra6 Bb4 31. Rh6 Rde7 32. Rb6 Kg7 33. Rh1 Rc8 34.
Rxb5 Rc2 35. a3 Bxa3 36. Rxa5 Bb4 37. Rb5 Bd2 38. Rc5 Rb2 39. Bxd2 Rxd2 40. Rc3
Ra7 41. Rhc1 Raa2 42. Rf1 Rab2 43. Re3 Rdc2 44. Kg1 Kg6 45. Kg2 h6 46. Ree1 h5
47. Rc1 Rxc1 48. Rxc1 e3 49. Kf3 exf2 50. Rf1 h4 51. gxh4 Kh5 52. Kg3 Rxb3+ 53.
Kxf2 Kg4 54. Ke2 Rh3 55. h5 Rxh5 56. Ke3 Rh3+ 57. Kd4 Ra3 58. Kc5 Rd3 59. Kc6
Rd5 60. Kc7 Rd2 61. Kc6 Kg3 62. Kc7 Rd4 63. Kc6 Rd5 64. Kc7 Kg2 65. Rc1 Kf3 66.
Rc4 Ke3 67. Ra4 Rd2 68. Rb4 Kf3 69. Ra4 Kg4 70. Rb4 Rd1 71. Ra4 Kh5 72. Ra6 Kg4
73. Ra4 Rd2 74. Rb4 1/2-1/2

[Event "Championship Meridian 2015"]
[Site "?"]
[Date "2015.07.20"]
[Round "11.5"]
[White "Rychkov, Oleg"]
[Black "Shomoev, Anton"]
[Result "0-1"]
[WhiteElo "2329"]
[BlackElo "2580"]
[PlyCount "62"]
[EventDate "2015.??.??"]

1. Nf3 g6 2. e4 Bg7 3. d4 d6 4. h3 Nf6 5. Nc3 O-O 6. Be3 c6 7. Qd2 Qc7 8. a4
Nbd7 9. Be2 b6 10. O-O Bb7 11. Rfe1 Rad8 12. Bh6 e5 13. Bxg7 Kxg7 14. dxe5 Nxe5
15. Nd4 c5 16. Ndb5 Qb8 17. f4 a6 18. Na3 Nc6 19. Nc4 b5 20. axb5 axb5 21. Ne3
Nd4 22. Bd3 Rde8 23. Ncd5 Nxe4 24. Qd1 f5 25. c3 Ne6 26. Bxb5 Bxd5 27. Bxe8 Bb3
28. Qd3 Rxe8 29. Rf1 Qb7 30. g4 Ng3 31. Rf2 Qh1# 0-1

[Event "Championship Meridian 2015"]
[Site "?"]
[Date "2015.07.20"]
[Round "11.6"]
[White "Rozum, Ivan"]
[Black "Emeliantsev, Anatoliy"]
[Result "1-0"]
[WhiteElo "2579"]
[BlackElo "2354"]
[PlyCount "75"]
[EventDate "2015.??.??"]

1. d4 Nf6 2. c4 g6 3. g3 Bg7 4. Bg2 O-O 5. Nc3 d6 6. Nf3 c5 7. d5 e6 8. O-O
exd5 9. cxd5 Re8 10. h3 Ne4 11. Nxe4 Rxe4 12. Nd2 Rb4 13. Rb1 Bf5 14. e4 Bd7
15. Re1 Qa5 16. a3 Rd4 17. b4 cxb4 18. Bb2 Ba4 19. Qc1 Na6 20. Nf3 Rd3 21. Bxg7
Kxg7 22. axb4 Qc7 23. Qf4 f6 24. Bf1 Rc3 25. Nd4 Bd7 26. Rec1 Rxc1 27. Rxc1 Qb6
28. Bxa6 bxa6 29. Nc6 Qc7 30. Ne5 Qd8 31. Nc4 Bxh3 32. Nxd6 Qe7 33. Rc7 Bd7 34.
Nb7 Rc8 35. Nc5 Rd8 36. Ne6+ Kg8 37. Nxd8 Qxd8 38. Qd6 1-0

[Event "Championship Meridian 2015"]
[Site "?"]
[Date "2015.07.20"]
[Round "11.7"]
[White "Sek, Konstantin"]
[Black "Papin, Vasily"]
[Result "1-0"]
[WhiteElo "2445"]
[BlackElo "2518"]
[PlyCount "67"]
[EventDate "2015.??.??"]

1. e4 c5 2. Nf3 e6 3. d4 cxd4 4. Nxd4 a6 5. Nc3 Qc7 6. Bd3 g6 7. O-O Bg7 8. Be3
Nf6 9. f4 d6 10. Qf3 Nbd7 11. Rae1 b5 12. e5 Bb7 13. Ndxb5 axb5 14. Nxb5 Qb8
15. Qxb7 Qxb7 16. Nxd6+ Ke7 17. Nxb7 Nd5 18. Bc4 Nxe3 19. Rxe3 g5 20. g3 Rhb8
21. Nd6 Rxb2 22. Bb3 gxf4 23. gxf4 Nb6 24. Rc3 Nd5 25. Rg3 Bf8 26. Nc4 Rbxa2
27. Bxa2 Rxa2 28. Rb1 Kd7 29. Rg8 Bc5+ 30. Kh1 Nxf4 31. Rg7 Ke8 32. Rb8+ Ke7
33. Rb7+ Ke8 34. Rg8+ 1-0

[Event "Championship Meridian 2015"]
[Site "?"]
[Date "2015.07.20"]
[Round "11.8"]
[White "Yanchenko, Roman"]
[Black "Babiy, Anatoly"]
[Result "1/2-1/2"]
[WhiteElo "2457"]
[BlackElo "2364"]
[PlyCount "200"]
[EventDate "2015.??.??"]

1. d4 Nf6 2. c4 e6 3. Nf3 b6 4. g3 Ba6 5. b3 Bb4+ 6. Bd2 Be7 7. Bg2 d5 8. O-O
c6 9. Qc2 Nbd7 10. Rd1 O-O 11. Bg5 Rc8 12. Nbd2 c5 13. dxc5 Nxc5 14. Rac1 Ncd7
15. Qb2 h6 16. Bxf6 Nxf6 17. e3 Qd6 18. cxd5 Rxc1 19. Rxc1 Nxd5 20. Nd4 Bf6 21.
Ne4 Bxd4 22. Qxd4 Qa3 23. Qd2 Bb7 24. Nc3 Nxc3 25. Rxc3 Bxg2 26. Kxg2 Qe7 27.
Qc2 Qb7+ 28. e4 Qa6 29. Rc7 Qa3 30. Qd2 a5 31. Rc6 Rb8 32. Qf4 Qf8 33. Rc7 Rc8
34. Rb7 Rc6 35. Rb8 Rc8 36. Rxb6 Qa3 37. Rb7 Rf8 38. Qd2 Ra8 39. h4 Qc5 40. Qd7
Rf8 41. Qd3 Qa3 42. Qc2 Rd8 43. h5 Qd6 44. Rb5 Ra8 45. a4 Qd4 46. Qc6 Qd8 47.
Rb7 Rc8 48. Rd7 Qf8 49. Qb6 Qc5 50. Qxc5 Rxc5 51. Rd8+ Kh7 52. Rb8 Rc3 53. Rb5
g6 54. hxg6+ Kxg6 55. f4 f5 56. e5 Kh5 57. Kh3 Kg6 58. Rb7 Rc6 59. Rb8 Rc3 60.
Rb5 Kf7 61. Kg2 Kg6 62. Rb6 Kh5 63. Kh3 Rd3 64. Rb5 Rc3 65. Rxa5 Rxb3 66. Ra8
Ra3 67. a5 Ra4 68. a6 Ra3 69. Kg2 Kg4 70. a7 Ra2+ 71. Kf1 Kf3 72. Ke1 h5 73.
Kd1 Kf2 74. Kc1 Kf3 75. Kb1 Ra6 76. Kc2 Ke3 77. Kc3 Kf3 78. Kd4 Ra5 79. Kc4 Ke4
80. Kb4 Ra1 81. Kc5 Ra6 82. Kb5 Ra1 83. Kc6 Kf3 84. Kd6 Ra6+ 85. Ke7 Kxg3 86.
Rg8+ Kxf4 87. a8=Q Rxa8 88. Rxa8 Kxe5 89. Ra5+ Kf4 90. Kxe6 h4 91. Ra4+ Kg5 92.
Ke5 h3 93. Ra8 Kg4 94. Kd4 Kf3 95. Rh8 Kg2 96. Ke3 h2 97. Rg8+ Kf1 98. Rh8 Kg2
99. Rg8+ Kf1 100. Rh8 Kg2 1/2-1/2

[Event "Championship Meridian 2015"]
[Site "?"]
[Date "2015.07.20"]
[Round "11.9"]
[White "Zablotsky, Sergei"]
[Black "Golubkov, Anton"]
[Result "1-0"]
[WhiteElo "2455"]
[BlackElo "2229"]
[PlyCount "49"]
[EventDate "2015.??.??"]

1. Nf3 Nf6 2. c4 e6 3. g3 d5 4. Bg2 Be7 5. O-O O-O 6. d4 c6 7. b3 b5 8. Ne5 Bb7
9. Qd3 a6 10. a4 Qb6 11. Nc3 b4 12. a5 Qc7 13. Nd1 c5 14. Bf4 dxc4 15. Nxc4 Qd7
16. Nb6 Bxg2 17. Nxd7 Bxf1 18. Nxf8 Bh3 19. Qf3 Nd5 20. Ne3 Nc6 21. Nxd5 exd5
22. Qxd5 Rc8 23. Qh5 Bxf8 24. Qxh3 Nxd4 25. Qxc8 1-0

[Event "Championship Meridian 2015"]
[Site "?"]
[Date "2015.07.20"]
[Round "11.10"]
[White "Lian, Yury"]
[Black "Goganov, Aleksey"]
[Result "0-1"]
[WhiteElo "2256"]
[BlackElo "2601"]
[PlyCount "162"]
[EventDate "2015.??.??"]

1. e4 d6 2. Nc3 Nf6 3. f4 d5 4. e5 d4 5. exf6 dxc3 6. fxg7 cxd2+ 7. Qxd2 Qxd2+
8. Bxd2 Bxg7 9. O-O-O Nc6 10. Ne2 O-O 11. Bc3 Be6 12. Bxg7 Kxg7 13. Nd4 Nxd4
14. Rxd4 Rad8 15. Rxd8 Rxd8 16. Be2 Bd5 17. Rd1 Rd6 18. g3 Kf6 19. c4 Be4 20.
Rxd6+ cxd6 21. Kd2 e5 22. Ke3 Bc6 23. Bd3 d5 24. cxd5 Bxd5 25. a3 h6 26. Be4
Ke6 27. g4 f6 28. h4 b5 29. fxe5 Bb3 30. exf6 Kxf6 31. Kf4 a5 32. g5+ hxg5+ 33.
hxg5+ Kg7 34. Bd3 b4 35. axb4 axb4 36. Ke5 Bf7 37. Kd4 b3 38. Ke5 Bh5 39. Kf4
Bf7 40. Bf5 Bc4 41. Ke5 Be2 42. Kd4 Bh5 43. Be4 Bg4 44. Kc4 Be6+ 45. Kd4 Bg4
46. Bd3 Be6 47. Bc4 Bd7 48. Ke5 Ba4 49. Kf5 Bd7+ 50. Be6 Ba4 51. g6 Be8 52.
Bxb3 Bxg6+ 53. Ke5 Bd3 54. Bd5 Bb5 55. b3 Kf8 56. Kd6 Be2 57. Bc4 Bd1 58. b4
Ba4 59. Bd5 Bb5 60. Bf3 Bf1 61. Bc6 Be2 62. Bd7 Bd3 63. Ba4 Be2 64. Bc6 Bd3 65.
Kc5 Ke7 66. Bb5 Bc2 67. Kb6 Kd8 68. Ba6 Ba4 69. Bb7 Bd7 70. Bc6 Bf5 71. Bb7 Bd7
72. Ba6 Be8 73. Bb7 Bd7 74. Ba6 Be8 75. Kb7 Bd7 76. Bc4 Be8 77. Bd5 Bb5 78. Be6
Bd3 79. Bg4 Bc4 80. Kc6 Bd3 81. Be6 Be2 0-1